[Event "TCh-FRA Top 16"]
[Site "Asnieres sur Seine FRA"]
[Date "2006.05.05"]
[Round "9"]
[White "Hassler,F"]
[Black "Wagner,Cl"]
[Result "0-1"]
[WhiteElo "2243"]
[BlackElo "2376"]
[EventDate "2006.03.03"]

1. d4 d5 2. Nf3 Nf6 3. g3 c6 4. Bg2 Bg4 5. h3 Bh5 6. O-O Nbd7 7. Nbd2 e6 8.
b3 Bd6 9. Bb2 O-O 10. Ne5 c5 11. g4 Bg6 12. Nxg6 hxg6 13. e3 cxd4 14. Bxd4
Be5 15. c3 Rc8 16. Qe2 Qa5 17. Bxe5 Nxe5 18. f4 Nc6 19. c4 Rcd8 20. a3 d4
21. b4 Qc7 22. Nb3 e5 23. b5 Ne7 24. exd4 exf4 25. Qd3 g5 26. Rad1 Ng6 27.
Rfe1 Nh4 28. d5 f3 29. d6 Qc8 30. Bxf3 Rxd6 31. Bd5 Nxg4 32. Qg3 Nh6 33.
Qxd6 Qxh3 34. Nc1 N6f5 35. Qh2 Qg4+ 36. Kf2 Nd4 37. Qg3 Qf5+ 38. Kg1 Nhf3+
39. Kg2 Nxe1+ 40. Rxe1 g4 41. Re4 Nxb5 42. Rxg4 Qc2+ 43. Kh3 Qh7+ 44. Qh4
Nxa3 45. Qxh7+ Kxh7 46. Bxb7 f5 47. Rh4+ Kg6 48. c5 Kg5 49. Ra4 Nb5 50. Ra5
Nd4 51. Kg2 Rf7 52. Bd5 Re7 53. c6 Rc7 54. Rc5 Kf6 55. Nd3 g5 56. Nb4 Ne6
57. Rc1 Nf4+ 58. Kf3 a5 59. Na6 Rc8 60. Bb3 Nd3 61. Rc3 Ne5+ 62. Kf2 Rxc6
63. Rxc6+ Nxc6 64. Nc5 Ke5 65. Bc4 Nb4 66. Bb5 Na2 67. Be8 Nc3 68. Nd3+ Kd4
69. Nb2 Ne4+ 70. Kf3 Nd2+ 71. Ke2 Nc4 72. Na4 f4 73. Kf2 g4 74. Bh5 g3+ 75.
Kg2 Nd2 76. Nb6 Ke4 77. Nd7 Kd4 78. Bd1 Nc4 79. Nf6 Ne3+ 80. Kf3 0-1

[Event "TCh-FRA Top 16"]
[Site "Asnieres sur Seine FRA"]
[Date "2006.05.05"]
[Round "9"]
[White "Mensch,E"]
[Black "Riff,V"]
[Result "1/2-1/2"]
[WhiteElo "2336"]
[BlackElo "2306"]
[EventDate "2006.03.03"]

1. c4 c5 2. Nf3 d5 3. e3 Nf6 4. Nc3 a6 5. h3 Bf5 6. b3 e6 7. Nh4 Bg6 8.
Nxg6 hxg6 9. Bb2 Nbd7 10. Be2 Bd6 11. Qc2 Qe7 12. d4 b5 13. a3 Rc8 14. e4
1/2-1/2

[Event "TCh-FRA Top 16"]
[Site "Asnieres sur Seine FRA"]
[Date "2006.05.05"]
[Round "9"]
[White "Lerch,P"]
[Black "Heinz,Ti"]
[Result "1/2-1/2"]
[WhiteElo "2288"]
[BlackElo "2261"]
[EventDate "2006.03.03"]

1. e4 e6 2. Nf3 d5 3. e5 c5 4. b4 cxb4 5. a3 Nc6 6. axb4 Bxb4 7. c3 Be7 8.
d4 f6 9. Bd3 fxe5 10. Nxe5 Nf6 11. f4 O-O 12. O-O Qc7 13. Ra2 b6 14. Re2
Nxe5 15. fxe5 Ne4 16. Rxf8+ Bxf8 17. Bb2 a5 18. Re3 Ba6 19. Bxe4 dxe4 20.
Rxe4 Bb7 21. Re2 a4 22. Qc1 Qc4 23. Rf2 Be7 24. Ba3 Bh4 25. Rf1 Qd5 26. Qd2
Ba6 27. Rc1 h6 28. Rc2 Qe4 29. Qd1 Bd3 30. Rb2 Bxb1 31. Rxb1 Qe3+ 32. Kh1
Qxc3 33. Qf3 Qxf3 34. gxf3 Ra6 35. Kg2 Kf7 36. Rc1 Ra7 37. Rc6 Be7 38. Bxe7
Kxe7 39. Rxb6 a3 40. Rb1 a2 41. Ra1 Kd7 42. f4 Ra3 43. f5 exf5 44. d5 g5
45. Kf2 f4 46. Kg2 h5 47. Kf2 g4 48. Kg2 h4 49. Kg1 h3 50. Kf2 g3+ 51. hxg3
fxg3+ 52. Kg1 Rb3 1/2-1/2

[Event "TCh-FRA Top 16"]
[Site "Asnieres sur Seine FRA"]
[Date "2006.05.05"]
[Round "9"]
[White "Lallemand,R"]
[Black "Muller,A"]
[Result "1/2-1/2"]
[WhiteElo "2279"]
[BlackElo "2169"]
[EventDate "2006.03.03"]

1. e4 c5 2. Nf3 d6 3. d4 Nf6 4. Nc3 cxd4 5. Nxd4 Nc6 6. Bc4 Qb6 7. Nb3 e6
8. O-O a6 9. Kh1 Be7 10. f4 Qc7 11. Bd3 b5 12. Qf3 Bb7 13. Bd2 b4 14. Nd1
O-O 15. Qh3 e5 16. Ne3 exf4 17. Nd5 Qc8 18. Qxc8 Raxc8 19. Nxe7+ Nxe7 20.
Bxb4 Rfe8 21. Rae1 Ng6 22. Na5 Bxe4 23. Bxd6 Bxd3 24. cxd3 Red8 25. Bxf4
Rxd3 26. Rc1 Re8 27. Nc4 Nxf4 28. Rxf4 Nd5 29. Rf2 f6 30. h3 Rc8 31. Rfc2
Nb4 32. Ne5 Rxc2 33. Nxd3 Rxc1+ 34. Nxc1 Kf7 35. a3 Nd5 36. Nd3 Ke6 37. Kg1
Kd6 38. Kf2 a5 39. b3 Nc3 40. Ke3 Kd5 1/2-1/2

[Event "TCh-FRA Top 16"]
[Site "Asnieres sur Seine FRA"]
[Date "2006.05.05"]
[Round "9"]
[White "Ivanchuk,V"]
[Black "Gashimov,V"]
[Result "1/2-1/2"]
[WhiteElo "2729"]
[BlackElo "2625"]
[EventDate "2006.03.03"]

1. d4 Nf6 2. c4 e6 3. Nc3 c5 4. d5 exd5 5. cxd5 Bd6 6. e4 O-O 7. Bd3 Re8 8.
Nf3 Bc7 9. O-O d6 10. h3 a6 11. Qc2 Nbd7 12. b3 Nf8 13. Ne2 b5 14. Ng3 Bd7
15. a4 Ng6 16. axb5 axb5 17. Rxa8 Qxa8 18. Nd4 Qb8 19. Ndf5 Ne5 20. Bb2 c4
21. bxc4 bxc4 22. Bxc4 Bb6 23. Be2 Bc5 24. Bd4 Bxf5 25. Nxf5 Bxd4 26. Nxd4
Qb4 27. Rd1 h6 28. f3 Ng6 29. Kh2 h5 30. Qd2 Qb6 31. Ra1 h4 32. Ra6 Qc5 33.
Rc6 Qa7 34. Nf5 Rb8 35. Qd4 Qa2 36. Bc4 Qa3 37. Rb6 Ra8 38. Rb3 Qc1 39. Qc3
Qf4+ 40. Kg1 Qg5 41. Bf1 Nf4 42. Qe1 Ng6 43. Qe3 Nf4 44. Qe1 1/2-1/2

[Event "TCh-FRA Top 16"]
[Site "Asnieres sur Seine FRA"]
[Date "2006.05.05"]
[Round "9"]
[White "Kogan,Ar"]
[Black "Krasenkow,M"]
[Result "0-1"]
[WhiteElo "2560"]
[BlackElo "2636"]
[EventDate "2006.03.03"]

1. e4 c5 2. Nf3 e6 3. Nc3 Nc6 4. Bb5 Nd4 5. O-O a6 6. Bd3 Ne7 7. Nxd4 cxd4
8. Ne2 d5 9. e5 Nc6 10. f4 Nb4 11. b3 Bc5 12. Bb2 Bd7 13. Kh1 Qb6 14. Rf3
f6 15. Qe1 O-O 16. exf6 Rxf6 17. Qf2 Raf8 18. Bxd4 Bxd4 19. Qxd4 Qxd4 20.
Nxd4 Rxf4 21. Rxf4 Rxf4 22. Nf3 Nxd3 23. cxd3 Bb5 24. Re1 Bxd3 25. Rxe6 Be4
26. Rb6 Bxf3 27. gxf3 Rxf3 28. Rxb7 Rf1+ 29. Kg2 Rd1 30. a4 Rxd2+ 31. Kg3
d4 32. h4 d3 33. Rb6 a5 34. Rb5 Kf7 35. Rxa5 Ke6 36. Ra6+ Ke5 37. Ra7 Ke6
38. Ra6+ Ke5 39. Ra7 Kd6 40. Ra8 Kc7 41. Kf3 Re2 42. Ra7+ Kc6 43. Rxg7 Re1
44. Rg2 Kc5 45. a5 Kd4 46. a6 Rf1+ 47. Rf2 Ra1 48. Rg2 Kc3 49. Ke3 Re1+ 50.
Kf4 d2 51. Rxd2 Kxd2 52. b4 Rb1 53. a7 Ra1 0-1

[Event "TCh-FRA Top 16"]
[Site "Asnieres sur Seine FRA"]
[Date "2006.05.05"]
[Round "9"]
[White "Sebag,M"]
[Black "Almasi,Z"]
[Result "1/2-1/2"]
[WhiteElo "2415"]
[BlackElo "2646"]
[EventDate "2006.03.03"]

1. e4 c5 2. c3 Nf6 3. e5 Nd5 4. d4 cxd4 5. Nf3 Nc6 6. cxd4 d6 7. Bc4 e6 8.
O-O Be7 9. Qe2 O-O 10. Nc3 dxe5 11. dxe5 Nxc3 12. bxc3 Qa5 13. Qe4 Qa4 14.
Bg5 h6 15. Bxe7 Nxe7 16. Rab1 Rd8 17. Qh4 Qe8 18. Nd4 b6 19. Bb5 Bd7 20.
Ba6 Rab8 21. Nb5 Ng6 22. Qg3 Bxb5 23. Bxb5 Qe7 24. Bd3 Nf4 25. Bh7+ Kxh7
26. Qxf4 Rbc8 27. Rbd1 Rxd1 28. Rxd1 Rxc3 29. Qe4+ g6 30. h4 Kg7 31. Rd6 b5
32. g3 Rc5 33. Kh2 g5 34. h5 Qc7 35. Qd3 Rc3 36. Qxb5 Rf3 37. Kg2 Rf5 38.
Rc6 Qd7 39. Qc5 Qb7 40. a4 Kh7 41. Qb5 Qd7 42. Rd6 Qxb5 43. axb5 Rxe5 44.
Rd7 Kg7 45. Rxa7 Rxb5 46. g4 Rb4 47. f3 Rb2+ 48. Kg3 Re2 49. Rb7 Rd2 50.
Ra7 Rd4 51. Rb7 Kf6 52. Rb8 Kg7 53. Re8 Rd6 54. Re7 Kf8 55. Ra7 e5 56. Kf2
Rf6 57. Ra8+ Kg7 58. Kg3 Re6 59. Ra4 Kf6 60. Kf2 Rb6 61. Ke3 Ke6 62. Ke4
Rd6 63. Ra8 Rd4+ 64. Ke3 Kf6 65. Ra6+ Kg7 66. Ra5 f6 67. Ra7+ Kg8 68. Ra8+
Kf7 69. Ra7+ Ke6 70. Ra6+ Rd6 71. Ra8 Rd4 72. Ra6+ Rd6 73. Ra8 Rd4 1/2-1/2

[Event "TCh-FRA Top 16"]
[Site "Asnieres sur Seine FRA"]
[Date "2006.05.05"]
[Round "9"]
[White "Cramling,P"]
[Black "Dorfman,J"]
[Result "1/2-1/2"]
[WhiteElo "2515"]
[BlackElo "2595"]
[EventDate "2006.03.03"]

1. d4 Nf6 2. Nf3 e6 3. c4 d5 4. Bg5 Be7 5. e3 h6 6. Bxf6 Bxf6 7. Nc3 O-O 8.
Qb3 c6 9. Bd3 Nd7 10. Rd1 b6 11. O-O Bb7 12. Rfe1 Qc7 13. Rc1 dxc4 14. Qxc4
c5 15. b4 Rac8 16. bxc5 bxc5 17. Ne4 Be7 18. dxc5 Nxc5 19. Nxc5 Qxc5 20.
Qxc5 Bxc5 21. Ne5 Rfd8 22. Red1 Be7 23. Rxc8 Rxc8 24. h3 Bd5 25. a4 Bb3 26.
Rb1 Bxa4 27. Ra1 Bd6 28. Nxf7 Bb8 29. Ne5 Be8 30. Rxa7 Rc1+ 31. Kh2 Bd6 32.
Ra8 Bxe5+ 33. f4 Rd1 34. Ra1 Rc1 35. Bf1 1/2-1/2

[Event "TCh-FRA Top 16"]
[Site "Asnieres sur Seine FRA"]
[Date "2006.05.05"]
[Round "9"]
[White "Skripchenko,A"]
[Black "Marcelin,C"]
[Result "0-1"]
[WhiteElo "2461"]
[BlackElo "2441"]
[EventDate "2006.03.03"]

1. e4 d5 2. exd5 Qxd5 3. Nc3 Qd6 4. d4 Nf6 5. Nf3 c6 6. Ne5 Nbd7 7. Bf4 Nd5
8. Bg3 Nxe5 9. Bxe5 Nxc3 10. bxc3 Qa3 11. Qf3 Bg4 12. Qe3 Qb2 13. Rc1 Qxa2
14. c4 f6 15. Bg3 e5 16. f3 Bf5 17. Bxe5 Qa5+ 18. Kf2 fxe5 19. Qg5 g6 20.
Re1 Be7 21. Qh6 O-O-O 22. g4 Rxd4 23. Re2 Bd7 24. Qg7 Qd8 25. Qxe5 Bf6 26.
Qe3 Re8 27. Qa3 Rd1 28. c3 Rxe2+ 29. Kxe2 Bxg4 30. fxg4 Qd3+ 0-1

[Event "TCh-FRA Top 16"]
[Site "Asnieres sur Seine FRA"]
[Date "2006.05.05"]
[Round "9"]
[White "Abergel,T"]
[Black "Miralles,G"]
[Result "0-1"]
[WhiteElo "2426"]
[BlackElo "2485"]
[EventDate "2006.03.03"]

1. e4 Nf6 2. e5 Nd5 3. d4 d6 4. c4 Nb6 5. exd6 cxd6 6. Nc3 g6 7. Bd3 Bg7 8.
Nge2 O-O 9. Be3 d5 10. c5 N6d7 11. O-O Nc6 12. Qa4 e5 13. dxe5 Ndxe5 14.
Bb5 Bd7 15. Qd1 Nc4 16. Qxd5 Nxe3 17. fxe3 Qe7 18. Kh1 Rad8 19. Qd6 Qxe3
20. Rf3 Qe8 21. Qg3 Qe7 22. Qf2 Ne5 23. Qe3 Bxb5 24. Nxb5 Qd7 25. Nd6 Nxf3
26. Qxf3 b6 27. Nb7 Rc8 28. Rc1 bxc5 29. Nxc5 Qd2 30. Nd3 Rxc1+ 31. Nexc1
Rd8 0-1

[Event "TCh-FRA Top 16"]
[Site "Asnieres sur Seine FRA"]
[Date "2006.05.05"]
[Round "9"]
[White "Kosten,A"]
[Black "Chabanon,JL"]
[Result "1-0"]
[WhiteElo "2501"]
[BlackElo "2411"]
[EventDate "2006.03.03"]

1. c4 Nf6 2. Nc3 g6 3. g3 Bg7 4. Bg2 O-O 5. e4 d6 6. Nge2 c5 7. O-O Nc6 8.
d3 Bd7 9. h3 Rb8 10. Be3 a6 11. d4 cxd4 12. Nxd4 Nxd4 13. Bxd4 Rc8 14. Qd3
Be6 15. b3 Nd7 16. Bxg7 Kxg7 17. f4 f6 18. Kh2 Nc5 19. Qe3 Qc7 20. Nd5 Bxd5
21. exd5 b5 22. cxb5 axb5 23. b4 Na4 24. Rac1 Qd7 25. Rc6 Ra8 26. Rfc1 Ra7
27. R1c2 Rb8 28. h4 Rab7 29. Bh3 f5 30. Qd4+ Kf7 31. h5 Qd8 32. g4 Qh8 33.
Qe3 fxg4 34. Qe6+ Kg7 35. Rc8 gxh3 36. Rxh8 Rxh8 37. hxg6 hxg6 38. f5 gxf5
39. Rc1 Rh6 40. Rg1+ 1-0

[Event "TCh-FRA Top 16"]
[Site "Asnieres sur Seine FRA"]
[Date "2006.05.05"]
[Round "9"]
[White "Rozentalis,E"]
[Black "Hamdouchi,H"]
[Result "1-0"]
[WhiteElo "2582"]
[BlackElo "2575"]
[EventDate "2006.03.03"]

1. e4 c5 2. Nf3 Nc6 3. Bb5 e5 4. O-O Nge7 5. c3 a6 6. Be2 d6 7. d4 Ng6 8.
a4 exd4 9. cxd4 Bg4 10. d5 Bxf3 11. Bxf3 Nd4 12. Be3 Nxf3+ 13. Qxf3 Be7 14.
a5 O-O 15. Nd2 Bf6 16. Ra2 Re8 17. Qe2 Rc8 18. f4 Qd7 19. Qd3 Re7 20. b3
Rce8 21. Ra4 Qb5 22. Qc4 Qxc4 23. Rxc4 Rd7 24. Rb1 Bd8 25. b4 cxb4 26.
Rcxb4 Bxa5 27. Rxb7 Rxb7 28. Rxb7 h5 29. e5 dxe5 30. f5 Nf8 31. Ne4 Rd8 32.
d6 Rd7 33. Rb1 Nh7 34. Ra1 Bb4 35. Rxa6 Rd8 36. Bb6 Rxd6 37. Ra8+ Nf8 38.
Nxd6 Bxd6 39. Kf2 Be7 40. Kf3 1-0

[Event "TCh-FRA Top 16"]
[Site "Asnieres sur Seine FRA"]
[Date "2006.05.05"]
[Round "9"]
[White "Flear,G"]
[Black "Doettling,F"]
[Result "1-0"]
[WhiteElo "2470"]
[BlackElo "2542"]
[EventDate "2006.03.03"]

1. d4 d5 2. c4 c6 3. Nc3 Nf6 4. e3 a6 5. Qc2 e6 6. Nf3 c5 7. cxd5 exd5 8.
Be2 Nc6 9. O-O Be6 10. Rd1 Nb4 11. Qd2 Ne4 12. Nxe4 dxe4 13. Ne5 cxd4 14.
exd4 Be7 15. a3 Nd5 16. Qc2 f6 17. Nc4 f5 18. f3 O-O 19. fxe4 fxe4 20. Qxe4
Bf5 21. Qe5 Bf6 22. Qd6 Re8 23. Bf3 Be4 24. Bg4 b5 25. Qxd8 Raxd8 26. Ne5
Bxe5 27. dxe5 Rxe5 28. Bd2 Nf6 29. Bc3 Rxd1+ 30. Rxd1 Re8 31. Bxf6 gxf6 32.
Bd7 Re5 33. b4 Bb7 34. Rd6 Re1+ 35. Kf2 Ra1 36. Be6+ Kf8 37. Rb6 Be4 38.
Rxa6 f5 39. Bxf5 Ra2+ 40. Ke3 Bxf5 41. Rf6+ Kg7 42. Rxf5 Rxg2 43. Rxb5 Rxh2
44. a4 h5 45. a5 1-0

[Event "TCh-FRA Top 16"]
[Site "Asnieres sur Seine FRA"]
[Date "2006.05.05"]
[Round "9"]
[White "Varga,P1"]
[Black "Howell,D"]
[Result "1/2-1/2"]
[WhiteElo "2415"]
[BlackElo "2486"]
[EventDate "2006.03.03"]

1. d4 Nf6 2. c4 g6 3. Nc3 d5 4. Bg5 Ne4 5. Bf4 Nxc3 6. bxc3 Bg7 7. e3 c5 8.
cxd5 cxd4 9. cxd4 Qxd5 10. Nf3 Nc6 11. Be2 O-O 12. O-O Bf5 13. Qa4 Qa5 14.
Qb3 Qb4 15. Rfc1 Rac8 16. Bc4 Qxb3 17. axb3 a6 18. Bd5 Bd3 19. Bxc6 Rxc6
20. Rxc6 bxc6 21. Rc1 Bb5 22. Nd2 Rd8 23. Ne4 Bxd4 24. exd4 Rxd4 25. f3 f5
26. Be5 Rd5 27. Nf6+ exf6 28. Bxf6 Kf7 29. Bc3 Rd3 30. b4 Ke6 31. h4 Kd5
32. Bf6 Ke6 33. Bc3 Kd5 34. Bf6 Rd2 35. Kh2 Bc4 36. Be7 Bb5 37. Kg3 Re2 38.
Bc5 Bd3 39. Rc3 Bc4 40. Rc1 Bd3 41. Rc3 Bc4 42. Rc1 Rd2 43. Bf8 Bb5 44. Bc5
f4+ 45. Kh3 Ke5 46. Bf8 Kd4 47. Bh6 Ke3 48. Rc3+ Bd3 49. Kh2 Rb2 50. Bf8
1/2-1/2

[Event "TCh-FRA Top 16"]
[Site "Asnieres sur Seine FRA"]
[Date "2006.05.05"]
[Round "9"]
[White "Conquest,S"]
[Black "Kallai,G"]
[Result "1/2-1/2"]
[WhiteElo "2522"]
[BlackElo "2504"]
[EventDate "2006.03.03"]

1. e4 c6 2. d4 d5 3. exd5 cxd5 4. c4 Nf6 5. Nc3 g6 6. cxd5 Nxd5 7. Bc4 Nb6
8. Bb3 Bg7 9. Nf3 O-O 10. O-O Nc6 11. d5 Na5 12. Re1 Bg4 13. h3 Bxf3 14.
Qxf3 Re8 15. Rd1 Qd7 1/2-1/2

[Event "TCh-FRA Top 16"]
[Site "Asnieres sur Seine FRA"]
[Date "2006.05.05"]
[Round "9"]
[White "Roos,D"]
[Black "Libiszewski,F"]
[Result "1/2-1/2"]
[WhiteElo "2410"]
[BlackElo "2467"]
[EventDate "2006.03.03"]

1. Nf3 d5 2. g3 Nc6 3. d3 e5 4. Bg2 g6 5. O-O Bg7 6. e4 Nge7 7. exd5 Nxd5
8. Re1 O-O 9. Bg5 f6 10. Bd2 Bg4 11. h3 Be6 12. d4 Nb6 13. dxe5 Qc8 14.
exf6 Bxf6 15. c3 Bxh3 16. Bh6 Bxg2 17. Kxg2 Rf7 18. Nbd2 Qf5 19. Qb1 Bg7
20. Qxf5 Rxf5 21. Bxg7 Kxg7 22. Ne4 h6 23. Rad1 Raf8 24. Nd4 Nxd4 1/2-1/2

[Event "TCh-FRA Top 16"]
[Site "Asnieres sur Seine FRA"]
[Date "2006.05.05"]
[Round "9"]
[White "Maze,S"]
[Black "Aguettaz,M"]
[Result "1-0"]
[WhiteElo "2518"]
[BlackElo "2338"]
[EventDate "2006.03.03"]

1. e4 c5 2. Nf3 Nc6 3. Bb5 g6 4. O-O Bg7 5. Re1 e5 6. Bxc6 dxc6 7. d3 Ne7
8. a3 a5 9. Be3 b6 10. Nbd2 a4 11. Nc4 f6 12. b4 b5 13. Na5 cxb4 14. axb4
O-O 15. d4 Bg4 16. dxe5 Qe8 17. h3 Rd8 18. Qe2 Bxf3 19. Qxf3 f5 20. Bc5
Bxe5 21. Rad1 Rxd1 22. Qxd1 f4 23. c4 Rf7 24. Qg4 a3 25. cxb5 a2 26. Qe6
a1=Q 27. Rxa1 Bxa1 28. b6 Qc8 29. Qd6 1-0

[Event "TCh-FRA Top 16"]
[Site "Asnieres sur Seine FRA"]
[Date "2006.05.05"]
[Round "9"]
[White "Roos,J"]
[Black "Prie,E"]
[Result "0-1"]
[WhiteElo "2294"]
[BlackElo "2467"]
[EventDate "2006.03.03"]

1. e4 d5 2. exd5 Qxd5 3. Nc3 Qa5 4. d4 Nf6 5. Nf3 c6 6. Bc4 Bf5 7. Bd2 e6
8. Nd5 Qd8 9. Nxf6+ gxf6 10. Qe2 Be7 11. O-O-O Nd7 12. Rhe1 Nb6 13. Ba5 Qd6
14. Bb3 Nd5 15. g3 b6 16. Bd2 a5 17. Nh4 Bg6 18. Nxg6 hxg6 19. h4 a4 20.
Bc4 b5 21. Bd3 b4 22. Bc4 Kd7 23. Qf3 Rhb8 24. Rh1 b3 25. cxb3 a3 26. Kc2
axb2 27. Rb1 Rxa2 28. Rxb2 Rxb2+ 29. Kxb2 Nb6 30. Kc2 Nxc4 31. bxc4 Qxd4
32. Bc3 Qxc4 33. Qd3+ Qd5 34. Ra1 Ke8 35. Qxd5 exd5 36. g4 Kd7 37. h5 Rh8
38. Ra7+ Ke6 39. Ra6 gxh5 40. gxh5 Kd7 41. Ra7+ Kd6 42. Bb4+ c5 43. Bxc5+
Kxc5 44. Rxe7 Rxh5 45. Kd3 Rf5 46. Rc7+ Kd6 47. Rc2 Rf3+ 48. Kd4 Rf4+ 49.
Kd3 f5 50. Ra2 Re4 51. Ra3 f4 52. Ra8 f3 53. Rd8+ Ke5 54. Re8+ Kf4 55. Rh8
Re2 0-1

[Event "TCh-FRA Top 16"]
[Site "Asnieres sur Seine FRA"]
[Date "2006.05.05"]
[Round "9"]
[White "Edouard,R"]
[Black "Roos,Louis1"]
[Result "1-0"]
[WhiteElo "2365"]
[BlackElo "2344"]
[EventDate "2006.03.03"]

1. e4 c5 2. Nf3 e6 3. d4 cxd4 4. Nxd4 Nf6 5. Nc3 d6 6. g3 Be7 7. Bg2 O-O 8.
O-O a6 9. Re1 Qc7 10. Be3 Nbd7 11. Qe2 Ne5 12. a4 Bd7 13. h3 Rac8 14. g4
Rfd8 15. g5 Ne8 16. h4 g6 17. h5 Ng7 18. hxg6 fxg6 19. f4 Nc4 20. f5 Nxb2
21. Ra3 d5 22. fxe6 Be8 23. Rb3 Nxa4 24. Nxd5 Rxd5 25. exd5 Nc3 26. Qf2 Ba4
27. Rxb7 Qxb7 28. d6 Qb4 29. Qf7+ Kh8 30. dxe7 Nd5 31. c3 Qxe7 32. Bxd5 Qd6
33. e7 Bd7 34. Bf4 1-0

[Event "TCh-FRA Top 16"]
[Site "Asnieres sur Seine FRA"]
[Date "2006.05.05"]
[Round "9"]
[White "Gras,D"]
[Black "Flear,C"]
[Result "1/2-1/2"]
[WhiteElo "1956"]
[BlackElo "2212"]
[EventDate "2006.03.03"]

1. e4 c5 2. Nf3 e6 3. d4 cxd4 4. Nxd4 a6 5. Bd3 Qb6 6. Nb3 Nc6 7. Be3 Qc7
8. O-O Nf6 9. N1d2 d6 10. f4 Be7 11. a4 b6 12. Qf3 Rb8 13. Nc4 e5 14. h3
O-O 15. Qf2 Nd7 16. Qg3 Re8 17. f5 Kh8 18. Qf3 Nc5 19. Bxc5 dxc5 20. Ne3
Nb4 21. Bc4 Bg5 22. Rf2 b5 23. axb5 axb5 24. Nd5 Nxd5 25. Bxd5 Rf8 26. Rff1
c4 27. Na5 Rb6 28. Qc3 Ba6 29. Qb4 Be7 30. Qd2 b4 31. c3 h6 32. Kh1 bxc3
33. bxc3 Rfb8 34. Qc1 Kg8 35. Rf2 Qc5 36. Qf1 Bh4 37. Rfa2 Rc8 38. Ra4 Bb5
39. Rb4 Qe3 40. Bxc4 Be8 41. Rxb6 Qxb6 42. Qb1 Bd8 43. Qd3 Qc5 44. Nb7 Qxc4
45. Qxc4 Rxc4 46. Ra8 Bc7 47. Rxe8+ Kh7 48. Re7 Kg8 49. Re8+ 1/2-1/2

[Event "TCh-FRA Top 16"]
[Site "Asnieres sur Seine FRA"]
[Date "2006.05.05"]
[Round "9"]
[White "Ivanisevic,I"]
[Black "Komarov,D"]
[Result "1/2-1/2"]
[WhiteElo "2588"]
[BlackElo "2516"]
[EventDate "2006.03.03"]

1. d4 e6 2. Nf3 Nf6 3. Bg5 h6 4. Bh4 b6 5. e3 Bb7 6. c4 Be7 7. Nc3 Ne4 8.
Nxe4 Bxe4 9. Bg3 d6 10. Bd3 Bxd3 11. Qxd3 O-O 12. O-O Nd7 13. b4 a5 14. a3
Ra7 15. b5 Nf6 16. Nd2 Nh5 17. f4 Nxg3 18. hxg3 Ra8 19. Nf3 Qd7 20. Qe4 d5
21. Qc2 Bf6 22. Rab1 c6 23. bxc6 Qxc6 24. Rfc1 Rfc8 25. Nd2 Be7 26. Qd3 Qd6
27. Rc3 Rc6 28. Rxb6 Rxb6 29. c5 Qd8 30. cxb6 Qxb6 31. Qc2 Rb8 32. Rb3 Qd6
33. Rxb8+ Qxb8 34. a4 Bd6 35. Nf3 Qc7 36. Qxc7 Bxc7 37. g4 1/2-1/2

[Event "TCh-FRA Top 16"]
[Site "Asnieres sur Seine FRA"]
[Date "2006.05.05"]
[Round "9"]
[White "Bunzmann,D"]
[Black "Miladinovic,I"]
[Result "0-1"]
[WhiteElo "2537"]
[BlackElo "2607"]
[EventDate "2006.03.03"]

1. d4 Nf6 2. c4 c5 3. d5 e5 4. Nc3 d6 5. g3 Be7 6. Bg2 Nbd7 7. e4 a6 8. a4
Nf8 9. Nge2 Ng6 10. O-O O-O 11. Qd3 Ne8 12. Bd2 f5 13. h4 Bxh4 14. gxh4 f4
15. f3 Nxh4 16. Bh1 Bh3 17. Kf2 Ng6 18. Kg1 Bxf1 19. Kxf1 Qh4 20. Bg2 Nf6
21. Be1 Qh2 22. Bf2 Nh4 23. Bxh4 Qxh4 24. Nd1 g5 25. Nf2 h5 26. Qb3 g4 27.
Qxb7 gxf3 28. Bxf3 Ng4 29. Bxg4 hxg4 30. Qd7 f3 31. Nxg4 Qh1+ 32. Ng1 Qg2+
33. Ke1 f2+ 34. Nxf2 Qxg1+ 0-1

[Event "TCh-FRA Top 16"]
[Site "Asnieres sur Seine FRA"]
[Date "2006.05.05"]
[Round "9"]
[White "Mastrovasilis,D"]
[Black "Polzin,R"]
[Result "1/2-1/2"]
[WhiteElo "2573"]
[BlackElo "2494"]
[EventDate "2006.03.03"]

1. e4 c5 2. Nf3 d6 3. d4 cxd4 4. Nxd4 Nf6 5. Nc3 g6 6. g3 Nc6 7. Nde2 b6 8.
Bg2 Ba6 9. O-O Bg7 10. Re1 O-O 11. h3 Rc8 12. Bg5 Ne5 13. b3 h6 14. Be3 Qc7
15. a4 Rfd8 16. Nb5 Qb8 17. c4 Bb7 18. Nbc3 e6 19. a5 bxa5 20. Rxa5 a6 21.
Bb6 Nxe4 22. Bxd8 Nxc3 23. Nxc3 Bxg2 24. Kxg2 Rxd8 25. Re3 g5 26. Kh2 Qb6
27. Ra2 f5 28. Re1 Qb4 29. Rc2 Qxb3 30. Re3 f4 31. gxf4 gxf4 32. Re1 Qxc4
33. Ne4 Qb4 34. Kh1 Nf3 35. Qxf3 Qxe1+ 36. Kh2 Qa5 37. Rc6 Qb5 38. Nxd6 Qd5
39. Ne4 a5 40. Rc5 Qd1 41. Qg2 Kh7 42. Rxa5 Qd4 43. Qf3 Rd5 44. Ra2 Re5
1/2-1/2

[Event "TCh-FRA Top 16"]
[Site "Asnieres sur Seine FRA"]
[Date "2006.05.05"]
[Round "9"]
[White "Karr,JP"]
[Black "Mastrovasilis,A"]
[Result "0-1"]
[WhiteElo "2379"]
[BlackElo "2508"]
[EventDate "2006.03.03"]

1. d4 Nf6 2. c4 e6 3. Nc3 Bb4 4. Qc2 O-O 5. a3 Bxc3+ 6. Qxc3 b6 7. Bg5 Bb7
8. e3 d6 9. Ne2 a5 10. Qc2 a4 11. Nc3 Ra5 12. Bh4 Nbd7 13. f3 Qa8 14. Be2
c5 15. dxc5 bxc5 16. Bg3 Ne8 17. Rd1 d5 18. cxd5 exd5 19. O-O Bc6 20. Bd3
Nef6 21. Bf5 Re8 22. Rfe1 h6 23. Bh4 Ra6 24. Qd2 Re5 25. Bxd7 Nxd7 26. Bg3
Rh5 27. e4 d4 28. Ne2 Rg5 29. Nf4 Qb7 30. Rc1 Rb6 31. Rc2 Rb3 32. Bh4 Re5
33. Nd3 Rh5 34. Bg3 Rg5 35. Rec1 Qb5 36. Rc4 Bb7 37. Qc2 Nb6 38. Nxc5 Rxb2
39. Nxb7 Rxc2 40. R4xc2 d3 41. Nd6 Qb3 42. Rd2 Qxa3 43. Rcd1 Rxg3 44. hxg3
Qxd6 45. Rxd3 Qxg3 0-1

[Event "TCh-FRA Top 16"]
[Site "Asnieres sur Seine FRA"]
[Date "2006.05.05"]
[Round "9"]
[White "Bijaoui,M"]
[Black "Legky,N"]
[Result "1-0"]
[WhiteElo "2355"]
[BlackElo "2453"]
[EventDate "2006.03.03"]

1. e4 e6 2. d4 d5 3. Nd2 a6 4. Ngf3 c5 5. dxc5 Bxc5 6. Bd3 Nf6 7. O-O dxe4
8. Nxe4 Nxe4 9. Bxe4 Qxd1 10. Rxd1 Nd7 11. h3 Nf6 12. Bd3 b5 13. a4 b4 14.
Ne5 Bb7 15. a5 Nd5 16. Bd2 f6 17. Nc4 Kf7 18. Ne3 Nf4 19. Bf1 Rhd8 20. Be1
Ke7 21. c3 b3 22. g3 Ng6 23. Nc4 Bd5 24. Nb6 Bxb6 25. axb6 Ne5 26. f4 Nf3+
27. Kf2 Nxe1 28. Kxe1 a5 29. c4 Bc6 30. Rxd8 Kxd8 31. Kd2 Kc8 32. Kc3 Kb7
33. c5 Bd5 34. Bb5 e5 35. Rd1 Bc6 36. Bxc6+ Kxc6 37. Kc4 a4 38. Rd6+ Kb7
39. Kb5 1-0

[Event "TCh-FRA Top 16"]
[Site "Asnieres sur Seine FRA"]
[Date "2006.05.05"]
[Round "9"]
[White "Borne,N"]
[Black "Perez,Fl"]
[Result "0-1"]
[WhiteElo "2342"]
[BlackElo "2237"]
[EventDate "2006.03.03"]

1. d4 g6 2. c4 Bg7 3. Nc3 d6 4. e4 Nd7 5. Be3 e5 6. Nge2 Ne7 7. Qd2 O-O 8.
O-O-O a6 9. h4 b5 10. h5 Nb6 11. Ng3 exd4 12. Bxd4 Bxd4 13. Qxd4 Nc6 14.
Qe3 bxc4 15. e5 Nxe5 16. Nce4 f5 17. hxg6 f4 18. Qd2 hxg6 19. Rh4 0-1

[Event "TCh-FRA Top 16"]
[Site "Asnieres sur Seine FRA"]
[Date "2006.05.05"]
[Round "9"]
[White "Bokias,I"]
[Black "Giffard,N"]
[Result "0-1"]
[WhiteElo "2097"]
[BlackElo "2313"]
[EventDate "2006.03.03"]

1. e4 c6 2. d3 d5 3. Nd2 e5 4. Ngf3 Nd7 5. g3 g6 6. Bg2 Bg7 7. O-O Ne7 8.
b4 O-O 9. Bb2 Qc7 10. Re1 d4 11. c3 dxc3 12. Bxc3 Rd8 13. Qe2 c5 14. b5 Nf8
15. Nc4 f6 16. Bf1 Bg4 17. h3 Be6 18. Nfd2 Qd7 19. Nb3 b6 20. a4 Bxh3 21.
Bxh3 Qxh3 22. a5 Rab8 23. axb6 axb6 24. Ra6 Nc8 25. Qa2 Kh8 26. Ra8 Rxa8
27. Qxa8 Qd7 28. Qa4 Qxd3 29. Bb2 Ne6 30. Ne3 Nd4 31. Nxd4 exd4 32. Nd5 Qd2
33. Qa1 h5 34. Nc7 Qb4 35. Ba3 Qc4 36. Qb1 Ne7 37. Bc1 Kh7 38. Bf4 d3 39.
g4 g5 40. Bh2 hxg4 41. Kg2 Ng6 42. Nd5 Nh4+ 43. Kg3 Rxd5 0-1

[Event "TCh-FRA Top 16"]
[Site "Asnieres sur Seine FRA"]
[Date "2006.05.05"]
[Round "9"]
[White "Brunelliere,P"]
[Black "Valero,J"]
[Result "1-0"]
[WhiteElo "2343"]
[BlackElo "1998"]
[EventDate "2006.03.03"]

1. g3 g6 2. Bg2 Bg7 3. c4 e5 4. Nc3 Ne7 5. e3 O-O 6. Nge2 c6 7. d4 d6 8.
O-O f5 9. dxe5 dxe5 10. b3 Qc7 11. Ba3 Be6 12. Qd6 Qxd6 13. Bxd6 Re8 14.
Rad1 Nd7 15. e4 Nc8 16. Ba3 Bf8 17. Bxf8 Rxf8 18. exf5 gxf5 19. f4 Ne7 20.
Rd6 Rf6 21. Rfd1 Nf8 22. fxe5 Rh6 23. Nd4 Kf7 24. Nf3 Rg6 25. Ne2 Re8 26.
Nf4 Rh6 27. Ng5+ Kg7 28. Ngxe6+ 1-0